000 00710cam a22002291 4500
001 sa 66007121
003 DLC
005 20260227112301.0
008 890720s1966 ii b 000 0 hino
010 _asa 66007121
035 _a(OCoLC)20042721
040 _aDLC
_cWaU
_dNRU
_dDLC
042 _apremarc
050 0 0 _aPK2098.D32
_bU34
100 1 _aCaturvedī, Rājeśvara Prasāda,
_d1919-
245 1 0 _aKavivara Ratnākara aura unakā Uddhava-śataka.
_cLekhaka Rājeśvaraprasāda Caturvedī.
260 _aDillī,
_bRīgala Buka Ḍipo,
_c1966.
300 _a6, 300 p.
_c19 cm.
500 _aIn Hindi.
504 _aBibliographical footnotes.
600 1 0 _aDas, Jagannath,
_d1866-1932.
_tUddhavaśataka.
999 _c70942
_d70942